000 00829nam a2200289Ia 4500
001 639
003 IT-RoPAU
008 130308s9999 xx 000 0 und d
040 _aIT-RoPAU
040 _cIT-RoPAU
041 _aITALIANO
100 _aPietrangeli Antonio
100 _gCodice Aut. SPICS: 2586
245 _aAspetti più preoccupanti sono la censura e la politica dei produttori
245 _bAntologia di Cinema Nuovo-1-Neorealismo e Vita Nazionale
250 _a1a ed.
260 _aRIMINI/FIRENZE
260 _bGuaraldi
260 _c1975 [1° Ed.:1975 - Ed.Ling.Originale:1956]
300 _a"2 p. (prefazione: no ; testo: 2 [pagine: 394-395])"
650 _aSTORIA NAZIONALE DEL CINEMA
650 _eCodice materia Spics: 6809
942 _cBK
957 _71
999 _c53824
_d53824
999 _bSI
999 _g1